L'Europe des regions

Αποθηκεύτηκε σε:
Λεπτομέρειες βιβλιογραφικής εγγραφής
Κύριος συγγραφέας: Labasse, Jean
Μορφή: Βιβλίο
Γλώσσα:French
Δημοσίευση: [Paris] : Flammarion, c1991
Σειρά:Collection Geographes
Θέματα:
Ετικέτες: Προσθήκη ετικέτας
Δεν υπάρχουν, Καταχωρήστε ετικέτα πρώτοι!

MARC

LEADER 00000nam a2200000 i 4500
001 1/5489
008 960606s1991 fre d
020 |a 2-08-212806-7 
035 |l 10016022 
040 |a GR-MY-UA  |b gre  |e aacr 
041 0 |a fre 
082 0 |a 320.94 
100 1 |a Labasse, Jean. 
245 1 0 |a L'Europe des regions /  |c Jean Labasse 
260 |a [Paris] :   |b Flammarion,   |c c1991 
300 |a 432 p.;  |b ill.;  |c 22 cm 
490 1 |a Geographes 
504 |a Includes bibliography (p.423-425) 
650 0 0 |a Regional planning  |z Europe. 
650 0 0 |a Regionalism  |z Europe. 
651 0 |a Europe  |x Economic integration. 
651 0 |a Europe  |x Economic conditions  |y 1945-  |x Regional disparities. 
830 0 |a Collection Geographes 
852 |a INST  |b LESVOS  |e 19960606  |h 320.94 LAB  |p 005100007094  |q 005100007094  |t BK  |y 0 
909 |a Λ  |b 034904